LEADER 00945nam2 2200265 450 001 000005786 005 20080731144717.0 010 $a88-464-6143-6 100 $a20050708d2004----km-y0itay50------ba 101 0 $aita 102 $aIT 105 $ay-------001yy 200 1 $a38. rapporto sulla situazione sociale del paese$e2004$fCensis$gcon il patrocinio del CNEL 210 $a[Milano]$cFranco Angeli$aCensis$d(stampa 2004) 215 $aXXIV, 735 p.$ctab.$d24 cm 461 1$1001000014835$12001$aRapporto sulla situazione sociale del Paese 532 11$aTrentottesimo rapporto sulla situazione sociale del paese 610 1 $aCondizioni economiche e sociali$aItalia$a2004 676 $a306.0945$v20 710 02$aCensis$09271 801 0$aIT$bUNIPARTHENOPE$c20050807$gRICA$2UNIMARC 912 $a000005786 951 $a306-R/7$b37724$cNAVA1$d2005 996 $a38. rapporto sulla situazione sociale del paese$9997040 997 $aUNIPARTHENOPE LEADER 01271nam 2200337z- 450 001 996540341103316 005 20231214141233.0 010 $a3-7489-1107-6 035 $a(CKB)5490000000111213 035 $a(oapen)https://directory.doabooks.org/handle/20.500.12854/71608 035 $a(EXLCZ)995490000000111213 100 $a20202108d2020 |y 0 101 0 $ager 135 $aurmn|---annan 181 $ctxt$2rdacontent 182 $cc$2rdamedia 183 $acr$2rdacarrier 200 10$aDie Vollzugsorganisation als Entscheidungsfaktor des Verwaltungshandelns$eEine empirische Untersuchung zum "vereinfachten Genehmigungsverfahren" nach dem BImSchG 210 $aBaden-Baden$cNomos Verlagsgesellschaft mbH & Co. KG$d2020 215 $a1 electronic resource (240 p.) 225 1 $aFundamenta Juridica$vBand 38 311 $a3-7890-6978-7 517 $aVollzugsorganisation als Entscheidungsfaktor des Verwaltungshandelns 606 $aLNKJ$2bicssc 610 $aÖffentliches Recht? Umwelt- und Energierecht Umweltrecht 615 7$aLNKJ 700 $aBreunung$b Leonie$4auth$01081723 906 $aBOOK 912 $a996540341103316 996 $aDie Vollzugsorganisation als Entscheidungsfaktor des Verwaltungshandelns$93026931 997 $aUNISA